LEADER 01009nam a2200193 i 4500 001 000000178851 003 CaOOAMICUS 005 20090415000000.0 008 090415s1934 it u000 u ita u 013 $a156426 040 $aSeMil$bita 245 12$aL'angelo di pace fra i popoli. Il difensore del primato del pontefice romano e dei diritti della chiesa. Ultime gesta. Morte e glorificazione. 300 $a511, XCVIII p., [21] c. di tav. :$bill. 500 $aContiene : Appendici ; Indice bibliografico. 700 1 $aDe Töth, Paolo.$0(OLS)http://semarc/name/9427 773 0 $aDe Töth, Paolo$tBeato cardinale Nicolò Albergati e i suoi tempi.$dMilano : Tipografia ĞLa Commercialeğ, 1934.$gVolume2$w()21094 850 $aSeMil 852 $aSeMil$W1$xVenegono$y1$m3A IV 120$j129621$B129621$CSeMilBibl$Z2$F141108 $81 996 $6245$aL'angelo di pace fra i popoli. Il difensore del primato del pontefice romano e dei diritti della chiesa. Ultime gesta. Morte e glorificazione$9(OLS)http://semarc/title/256883 LEADER 00806naa a2200169 i 4500 001 000000307177 003 CaOOAMICUS 005 20180831172911.0 008 180831n it u000 u ita u 013 $a15847 040 $aSeMil$bita 100 1 $aAndereggen, Ignacio,$d<1958- >.$0(OLS)http://semarc/name/57753 245 10$aG.W.F. Hegel e M. Heidegger: prodromi filosofici del pensiero teologico di Karl Rahner. 600 14$aRahner, Karl .$0(OLS)http://semarc/subject/7673 650 4$aRahner, Karl - Pensiero filosofico.$0(OLS)http://semarc/subject/38532 773 0 $tKarl Rahner.$dSiena : Cantagalli, 2009.$z978-88-8272-428-3$gp.19-39$w()183006 996 $6245$aG.W.F. Hegel e M. Heidegger: prodromi filosofici del pensiero teologico di Karl Rahner$9(OLS)http://semarc/title/382555